<?xml version="1.0" encoding="UTF-8"?>
<record
    xmlns:xsi="http://www.w3.org/2001/XMLSchema-instance"
    xsi:schemaLocation="http://www.loc.gov/MARC21/slim http://www.loc.gov/standards/marcxml/schema/MARC21slim.xsd"
    xmlns="http://www.loc.gov/MARC21/slim">

  <leader>00888nam a22001577a 4500</leader>
  <controlfield tag="003">OSt</controlfield>
  <controlfield tag="005">20151020111438.0</controlfield>
  <controlfield tag="008">151020b        xxu||||| |||| 00| 0 eng d</controlfield>
  <datafield tag="040" ind1=" " ind2=" ">
    <subfield code="c">RUA </subfield>
  </datafield>
  <datafield tag="082" ind1=" " ind2=" ">
    <subfield code="a">AVM THU 2010 B092 Or.1</subfield>
  </datafield>
  <datafield tag="100" ind1=" " ind2=" ">
    <subfield code="9">2497</subfield>
    <subfield code="a">THUY NATH</subfield>
  </datafield>
  <datafield tag="245" ind1=" " ind2=" ">
    <subfield code="a">Effec of using (polygonum babrtum) in concentrate on growing quail at animal experemental station at royal university of agriculture, (&#x17A5;&#x1791;&#x17D2;&#x1792;&#x17B7;&#x1796;&#x179B;&#x1793;&#x17C3;&#x1780;&#x17B6;&#x179A;&#x1794;&#x17D2;&#x179A;&#x17BE;&#x1794;&#x17D2;&#x179A;&#x17B6;&#x179F;&#x17CB;&#x179F;&#x17D2;&#x179B;&#x17B9;&#x1780;&#x1780;&#x1793;&#x17D2;&#x1791;&#x17C6;&#x17B6;&#x1784;&#x17A0;&#x17C2;&#x1780;&#x17D2;&#x179A;&#x17C0;&#x1798;&#x1780;&#x17D2;&#x1793;&#x17BB;&#x1784;&#x1785;&#x17C6;&#x178E;&#x17B8;&#x1795;&#x17D2;&#x179F;&#x17C6;&#x179B;&#x17BE;&#x1780;&#x17B6;&#x179A;&#x179B;&#x17BC;&#x178F;&#x179B;&#x17B6;&#x179F;&#x17CB;&#x179A;&#x1794;&#x179F;&#x17CB;&#x1780;&#x17D2;&#x179A;&#x17BD;&#x1785;&#x1780;&#x17D2;&#x1793;&#x17BB;&#x1784;&#x179F;&#x17D2;&#x1790;&#x17B6;&#x1793;&#x17B8;&#x1799;&#x17CD;&#x1796;&#x17B7;&#x179F;&#x17C4;&#x1792;&#x1793;&#x17CD;&#x17D0;&#x179F;&#x178F;&#x17D2;&#x179C; &#x1793;&#x17C5;&#x179F;&#x17B6;&#x1780;&#x179B;&#x179C;&#x17B7;&#x1791;&#x17D2;&#x1799;&#x17B6;&#x179B;&#x17D0;&#x1799;&#x1797;&#x17BC;&#x1798;&#x17B7;&#x1793;&#x17D2;&#x1791;&#x1780;&#x179F;&#x17B7;&#x1780;&#x1798;&#x17D2;&#x1798;)</subfield>
  </datafield>
  <datafield tag="260" ind1=" " ind2=" ">
    <subfield code="a">phnom penh </subfield>
    <subfield code="b">rua </subfield>
    <subfield code="c">2010</subfield>
  </datafield>
  <datafield tag="300" ind1=" " ind2=" ">
    <subfield code="a">xii, 36p.</subfield>
    <subfield code="b">ill.</subfield>
    <subfield code="c">29cm.</subfield>
  </datafield>
  <datafield tag="942" ind1=" " ind2=" ">
    <subfield code="2">ddc</subfield>
    <subfield code="c">AVM</subfield>
  </datafield>
  <datafield tag="999" ind1=" " ind2=" ">
    <subfield code="c">2350</subfield>
    <subfield code="d">2350</subfield>
  </datafield>
  <datafield tag="952" ind1=" " ind2=" ">
    <subfield code="0">0</subfield>
    <subfield code="1">0</subfield>
    <subfield code="2">ddc</subfield>
    <subfield code="4">0</subfield>
    <subfield code="6">AVM_THU_2010_000000000000000_B092_OR_1</subfield>
    <subfield code="7">0</subfield>
    <subfield code="9">10268</subfield>
    <subfield code="a">LBB</subfield>
    <subfield code="b">LBB</subfield>
    <subfield code="c">B092</subfield>
    <subfield code="d">2015-10-20</subfield>
    <subfield code="o">AVM THU 2010 B092 Or.1</subfield>
    <subfield code="p">RUA016383</subfield>
    <subfield code="r">2015-10-20</subfield>
    <subfield code="w">2015-10-20</subfield>
    <subfield code="y">AVM</subfield>
  </datafield>
  <datafield tag="952" ind1=" " ind2=" ">
    <subfield code="0">0</subfield>
    <subfield code="1">0</subfield>
    <subfield code="2">ddc</subfield>
    <subfield code="4">0</subfield>
    <subfield code="6">AVM_THU_2010_000000000000000_B092_OR_2</subfield>
    <subfield code="7">0</subfield>
    <subfield code="9">10269</subfield>
    <subfield code="a">LBB</subfield>
    <subfield code="b">LBB</subfield>
    <subfield code="c">B092</subfield>
    <subfield code="d">2015-10-20</subfield>
    <subfield code="o">AVM THU 2010 B092 Or.2</subfield>
    <subfield code="p">RUA015882</subfield>
    <subfield code="r">2015-10-20</subfield>
    <subfield code="w">2015-10-20</subfield>
    <subfield code="y">AVM</subfield>
  </datafield>
  <datafield tag="952" ind1=" " ind2=" ">
    <subfield code="0">0</subfield>
    <subfield code="1">0</subfield>
    <subfield code="2">ddc</subfield>
    <subfield code="4">0</subfield>
    <subfield code="6">AVM_THU_2010_000000000000000_B092_OR_3</subfield>
    <subfield code="7">0</subfield>
    <subfield code="9">10270</subfield>
    <subfield code="a">LBB</subfield>
    <subfield code="b">LBB</subfield>
    <subfield code="c">B092</subfield>
    <subfield code="d">2015-10-20</subfield>
    <subfield code="o">AVM THU 2010 B092 Or.3</subfield>
    <subfield code="p">RUA015814</subfield>
    <subfield code="r">2015-10-20</subfield>
    <subfield code="w">2015-10-20</subfield>
    <subfield code="y">AVM</subfield>
  </datafield>
  <datafield tag="952" ind1=" " ind2=" ">
    <subfield code="0">0</subfield>
    <subfield code="1">0</subfield>
    <subfield code="2">ddc</subfield>
    <subfield code="4">0</subfield>
    <subfield code="6">AVM_THU_2010_000000000000000_B092_OR_4</subfield>
    <subfield code="7">0</subfield>
    <subfield code="9">10271</subfield>
    <subfield code="a">LBB</subfield>
    <subfield code="b">LBB</subfield>
    <subfield code="c">B092</subfield>
    <subfield code="d">2015-10-20</subfield>
    <subfield code="o">AVM THU 2010 B092 Or.4</subfield>
    <subfield code="p">RUA015954</subfield>
    <subfield code="r">2015-10-20</subfield>
    <subfield code="w">2015-10-20</subfield>
    <subfield code="y">AVM</subfield>
  </datafield>
  <datafield tag="952" ind1=" " ind2=" ">
    <subfield code="0">0</subfield>
    <subfield code="1">0</subfield>
    <subfield code="2">ddc</subfield>
    <subfield code="4">0</subfield>
    <subfield code="6">AVM_THU_2010_000000000000000_B092_OR_5</subfield>
    <subfield code="7">0</subfield>
    <subfield code="9">10272</subfield>
    <subfield code="a">LBB</subfield>
    <subfield code="b">LBB</subfield>
    <subfield code="c">B092</subfield>
    <subfield code="d">2015-10-20</subfield>
    <subfield code="o">AVM THU 2010 B092 Or.5</subfield>
    <subfield code="p">RUA016306</subfield>
    <subfield code="r">2015-10-20</subfield>
    <subfield code="w">2015-10-20</subfield>
    <subfield code="y">AVM</subfield>
  </datafield>
  <datafield tag="952" ind1=" " ind2=" ">
    <subfield code="0">0</subfield>
    <subfield code="1">0</subfield>
    <subfield code="2">ddc</subfield>
    <subfield code="4">0</subfield>
    <subfield code="6">AVM_THU_2010_000000000000000_B092_OR_6</subfield>
    <subfield code="7">0</subfield>
    <subfield code="9">10273</subfield>
    <subfield code="a">LBB</subfield>
    <subfield code="b">LBB</subfield>
    <subfield code="c">B092</subfield>
    <subfield code="d">2015-10-20</subfield>
    <subfield code="o">AVM THU 2010 B092 Or.6</subfield>
    <subfield code="p">RUA018724</subfield>
    <subfield code="r">2015-10-20</subfield>
    <subfield code="w">2015-10-20</subfield>
    <subfield code="y">AVM</subfield>
  </datafield>
  <datafield tag="952" ind1=" " ind2=" ">
    <subfield code="0">0</subfield>
    <subfield code="1">0</subfield>
    <subfield code="2">ddc</subfield>
    <subfield code="4">0</subfield>
    <subfield code="6">AVM_THU_2010_000000000000000_B092_OR_7</subfield>
    <subfield code="7">0</subfield>
    <subfield code="9">10274</subfield>
    <subfield code="a">LBB</subfield>
    <subfield code="b">LBB</subfield>
    <subfield code="c">B092</subfield>
    <subfield code="d">2015-10-20</subfield>
    <subfield code="l">1</subfield>
    <subfield code="o">AVM THU 2010 B092 Or.7</subfield>
    <subfield code="p">RUA018652</subfield>
    <subfield code="r">2021-02-08</subfield>
    <subfield code="s">2021-01-22</subfield>
    <subfield code="w">2015-10-20</subfield>
    <subfield code="y">AVM</subfield>
  </datafield>
  <datafield tag="952" ind1=" " ind2=" ">
    <subfield code="0">0</subfield>
    <subfield code="1">0</subfield>
    <subfield code="2">ddc</subfield>
    <subfield code="4">0</subfield>
    <subfield code="6">AVM_THU_2010_000000000000000_B092_OR_8</subfield>
    <subfield code="7">0</subfield>
    <subfield code="9">10275</subfield>
    <subfield code="a">LBB</subfield>
    <subfield code="b">LBB</subfield>
    <subfield code="c">B092</subfield>
    <subfield code="d">2015-10-20</subfield>
    <subfield code="o">AVM THU 2010 B092 Or.8</subfield>
    <subfield code="p">RUA018580</subfield>
    <subfield code="r">2015-10-20</subfield>
    <subfield code="w">2015-10-20</subfield>
    <subfield code="y">AVM</subfield>
  </datafield>
  <datafield tag="952" ind1=" " ind2=" ">
    <subfield code="0">0</subfield>
    <subfield code="1">0</subfield>
    <subfield code="2">ddc</subfield>
    <subfield code="4">0</subfield>
    <subfield code="6">AVM_THU_2010_000000000000000_B092_OR_9</subfield>
    <subfield code="7">0</subfield>
    <subfield code="9">10276</subfield>
    <subfield code="a">LBB</subfield>
    <subfield code="b">LBB</subfield>
    <subfield code="c">B092</subfield>
    <subfield code="d">2015-10-20</subfield>
    <subfield code="o">AVM THU 2010 B092 Or.9</subfield>
    <subfield code="p">RUA018508</subfield>
    <subfield code="r">2015-10-20</subfield>
    <subfield code="w">2015-10-20</subfield>
    <subfield code="y">AVM</subfield>
  </datafield>
</record>
